Arms transfers to the Third World : (Record no. 60587)
[ view plain ]
| 000 -LEADER | |
|---|---|
| fixed length control field | 01098nam a2200277 a 4500 |
| 001 - CONTROL NUMBER | |
| control field | 60587 |
| 003 - CONTROL NUMBER IDENTIFIER | |
| rucl marc code | BD-RjUL |
| 005 - DATE AND TIME OF LATEST TRANSACTION | |
| control field | 20211209080848.0 |
| 008 - FIXED-LENGTH DATA ELEMENTS--GENERAL INFORMATION | |
| fixed length control field | 170101s1988 cou b 001 0 eng |
| 020 ## - INTERNATIONAL STANDARD BOOK NUMBER | |
| International Standard Book Number | 1555870856 (lib. bdg.) : |
| 035 ## - SYSTEM CONTROL NUMBER | |
| System control number | (BD-RjUL)60711 |
| 040 ## - CATALOGING SOURCE | |
| Original cataloging agency | BD-RjUL |
| Transcribing agency | BD-RjUL |
| Modifying agency | BD-RjUL |
| Language of cataloging | eng |
| 041 ## - LANGUAGE CODE | |
| Language code of text/sound track or separate title | eng |
| 082 00 - DEWEY DECIMAL CLASSIFICATION NUMBER | |
| Classification number | 382.456234 |
| Edition number | 23 |
| Author mark and year | SAA 1988 |
| 100 1# - MAIN ENTRY--PERSONAL NAME | |
| Personal name | Sanjian, Gregory S., |
| Dates associated with a name | 1952- |
| 9 (RLIN) | 180455 |
| 245 10 - TITLE STATEMENT | |
| Title | Arms transfers to the Third World : |
| Remainder of title | probability models of superpower decisionmaking / |
| Statement of responsibility, etc. | Gregory S. Sanjian. |
| 260 ## - PUBLICATION, DISTRIBUTION, ETC. (IMPRINT) | |
| Place of publication, distribution, etc. | Boulder, Colo. : |
| Name of publisher, distributor, etc. | L. Rienner Publishers, |
| Date of publication, distribution, etc. | 1988. |
| 300 ## - PHYSICAL DESCRIPTION | |
| Pagination | vii, 111 p. ; |
| Size | 24 cm. |
| 490 1# - SERIES STATEMENT | |
| Series statement | Monograph series in world affairs |
| 504 ## - BIBLIOGRAPHY, ETC. NOTE | |
| Bibliography, etc | Bibliography: p. 105-108. and index |
| 650 #0 - SUBJECT ADDED ENTRY--TOPICAL TERM | |
| Topical term or geographic name as entry element | Munitions |
| Geographic subdivision | Developing countries |
| General subdivision | Decision making |
| -- | Mathematical models. |
| 9 (RLIN) | 180456 |
| Topical term or geographic name as entry element | Arms transfers |
| Geographic subdivision | United States |
| General subdivision | Decision making |
| -- | Mathematical models. |
| 9 (RLIN) | 180457 |
| Topical term or geographic name as entry element | Arms transfers |
| Geographic subdivision | Soviet Union |
| General subdivision | Decision making |
| -- | Mathematical models. |
| 9 (RLIN) | 180458 |
| 830 #0 - SERIES ADDED ENTRY--UNIFORM TITLE | |
| Uniform title | Monograph series in world affairs |
| 942 ## - ADDED ENTRY ELEMENTS (KOHA) | |
| Source of classification or shelving scheme | Dewey Decimal Classification |
| Koha item type | Books |
| Lost status | Source of classification or shelving scheme | Damaged status | Not for loan | Collection code | Permanent Location | Current Location | Shelving location | Date acquired | Source of acquisition | Total Checkouts | Full call number | Date last seen | Copy number | Koha item type |
|---|---|---|---|---|---|---|---|---|---|---|---|---|---|---|
| Dewey Decimal Classification | Not For Loan | Non-fiction | Central Library, University of Rajshahi | Central Library, University of Rajshahi | Reading Room | 12/03/1992 | Asia foundation | 382.456234 SAA 1988 | 01/01/2017 | C-1 | Books |